000 01030cam a2200313 i 4500
001 27740
003 ARRUPE
005 20131210140740.0
008 800731s1964 mdub b 001 0 eng d
035 _a(OCoLC)18920113
035 _a(OCoLC)ocm18920113
035 _a(CStRLIN)NYCG17426812-B
035 _a(NNC)27740
040 _aNNC
_cNNC
043 _af-ke---
050 _aSPC DT433.576.K3A34 1964
090 _aDT434.E27
_bK3 1964
100 1 _aKariuki, Josiah Mwangi,
_d1929-1975.
_95397
245 1 0 _a"Mau Mau" detainee :
_bthe account by a Kenya African of his experiences in detention camps, 1953-1960 /
_cJosiah Mwangi Kariuki.
260 _aBaltimore :
_bPenguin,
_c1964.
300 _a224 p. :
_bmap ;
_c18 cm.
490 1 _aPenguin African library ; AP l5
504 _aIncludes bibliographical references and index.
600 1 0 _aKariuki, Josiah Mwangi,
_d1929-1975.
_95398
610 2 0 _aMau Mau.
_95399
830 0 _aPenguin African library ;
_vAP15.
_95400
942 _2lcc
_cREFERENCE
999 _c119160
_d119160